000 nam a22 7a 4500
999 _c127976
_d127976
008 180425b xxu||||| |||| 00| 0 eng d
050 _aBX4705.M3994 A331
100 _aMaritain, Jacques
_924379
245 _aJournal de Raissa
_c/by Raissa Maritain
260 _aParis:
_bDesclee de Brouwer,
_c1963
300 _axx;380p.;
_c20cm.
700 _aMaritain, Jacques
_eed.
_924379
942 _2lcc
_cMONOGRAPH